000 00285nam a2200133Ia 4500
100 _aHahn harley
942 _cBK
654 _aComputers
245 _aOpen Computers Unix Unbound
260 _bOsborne
_aNew York
_c1994
082 _a005.13 'U'
546 _aENGLISH
999 _c20124
_d20124